| 000 | 00597nam a2200205 a 4500 | ||
|---|---|---|---|
| 001 | 495 | ||
| 003 | CDMR | ||
| 005 | 20131212161003.0 | ||
| 008 | 130130s1972||||||||||||||||||||||||||||d | ||
| 020 | _a008017065X | ||
| 040 |
_aCDMR _bcat _cCDMR |
||
| 100 | 1 |
_aDay, Peter Russell _9353 |
|
| 245 | 1 | 0 |
_aCommunication in social work _cPeter R. Day |
| 260 |
_aOxford _c1972 _bPergamon Press |
||
| 300 | _a121 p. | ||
| 490 | 0 |
_aCommonwealth and international library. _aSocial Work division |
|
| 650 | 0 | 4 |
_94289 _aComunicació _xAspectes socials |
| 650 | 0 | 4 |
_94428 _aDesenvolupament comunitari |
| 942 |
_cMON _2udc |
||
| 999 |
_c495 _d495 |
||